| 000 | 01010cam a2200325Ia 4500 | ||
|---|---|---|---|
| 003 | data | ||
| 005 | 20260322212008.0 | ||
| 008 | data | ||
| 020 | _a0803703082 | ||
| 020 | _a9780803703087 | ||
| 040 |
_aIKP _cIKP _dNZLPP _dOCLCQ _dXY4 _dNZLPP |
||
| 043 | _af------ | ||
| 050 | 4 |
_aGN645 _b.M87 1980 |
|
| 082 | 0 | 4 |
_a916 _bMu |
| 082 | 0 | 4 |
_a960 _220 |
| 092 | _a960 M87 1980 | ||
| 100 | 1 | _aMusgrove, Margaret. | |
| 245 | 1 | 0 |
_aAshanti to Zulu : _bAfrican traditions / _cMargaret Musgrove, Leo Dillon & Diane Dillon. |
| 260 |
_aNew York : _bDial Books for Young Readers, _c1980, c1976. |
||
| 300 |
_a[32] p. : _bchiefly col. ill. ; _c27 cm. |
||
| 500 | _aA Pied Piper book. | ||
| 520 | _aExplains some traditions and customs of 26 African tribes beginning with letters from A to Z. | ||
| 650 | 0 |
_aEthnology _zAfrica _vJuvenile literature. |
|
| 650 | 0 |
_aEthnology _zAfrica. |
|
| 650 | 0 | _aAlphabet. | |
| 651 | 0 |
_aAfrica _xSocial life and customs. |
|
| 700 | 1 | _aDillon, Leo. | |
| 700 | 1 | _aDillon, Diane. | |
| 001 | data | ||
| 999 |
_c153 _d153 |
||